000
00298nam a2200133Ia 4500
008
231129s1994||||xx |||||||||||||| ||spa||
040
_b
spa
082
_a
986.101 G633p
100
_a
Gomez Valderrama Francisco
245
0
_a
Los paeces
260
_c
1994
264
_a
Litoas
942
_2
ddc
_c
BKS
999
_c
19916
_d
19916